| 000 | 00686nam a2200229Ia 4500 | ||
|---|---|---|---|
| 003 | GCL | ||
| 008 | 140319s9999 xx 000 0 ara d | ||
| 040 |
_aGCL / _cGCL |
||
| 082 | 0 | 4 |
_a301.24 _bس م |
| 100 | 1 | _aسيترن، فريدريك مارتن | |
| 245 | 1 | 0 |
_aمجتمع بلا طبقات / _cسيترن، فريدريك مارتن |
| 700 | 1 | _aزكى خالد | |
| 300 | _a251 ص | ||
| 490 | _a | ||
| 650 | 0 | 4 | _aالمجتمع |
| 650 | 0 | 4 | _aالتغير الاجتماعى |
| 650 | 0 | 4 | _aالطبقات الاجتماعية |
| 650 | 0 | 4 | _aالمجتمع الطبقى |
| 650 | 0 | 4 | _aالبناء الاجتماعى |
| 650 | 0 | 4 | _aالاجتماع، علم |
| 942 |
_2ddc _cBK |
||
| 999 |
_c40677 _d40677 |
||